000 00662cam a22002173a 4500
001 39131
003 PGUSA
005 20140828083852.0
008 120313s2012||||xxu|||||s|||||000 | eng d
040 _aPGUSA
_beng
042 _adc
100 1 _aPeabody, Josephine Preston,
_d1874-1922
245 1 4 _aThe Book of the Little Past
_h[electronic resource] /
_cJosephine Preston Peabody
260 _bProject Gutenberg,
_c2012
506 _aPublic domain in the USA.
516 _aElectronic text
700 1 _aElliott, Elizabeth Shippen Green,
_d1871-1954
830 0 _aProject Gutenberg
_v39131
856 4 0 _uhttp://www.gutenberg.org/ebooks/39131
942 _cEB
999 _c268384
_d268384